Statistiken für Länder, die Frankreich besiegen

Klicken Sie hier um das Quiz zu spielen!

Allgemein

  • Dieses Quiz wurde 173 mal gespielt
  • Das Durchschnittsergebnis liegt bei 11 aus 18

Antwortstatistiken

RangKategorieLänder% Korrekt
2Die meisten Länder die kolonialisiert wurdenVereinigtes Königreich
94%
3WeinproduktionItalien, Spanien
93%
2Geburtsort der meisten PäpsteItalien
89%
4Bevölkerung in EuropaRussland, Deutschland, Vereinigtes Königreich
85%
2Reiseziel der meisten britischen TouristenSpanien
78%
4Die meisten UNESCO-WelterbestättenItalien, China, Spanien
76%
9Käseproduktion pro KopfNeuseeland, Dänemark, Tschechien, ...
73%
2Die meisten Fußballspieler, die professionell in einem anderen Land spielenBrasilien
72%
3Die meisten angrenzenden LänderChina, Russland
70%
2Meiste Kernenergie erzeugtVereinigte Staaten
63%
2Schnellster Zug im EinsatzChina
61%
8Reiseziel der meisten chinesischen TouristenSüdkorea, Thailand, Taiwan, ...
48%
5Höchste Steuer in% des BIPDänemark, Belgien, Schweden, Kuba
45%
6Die meisten EntenChina, Vietnam, Indonesien, ...
34%
5Größtes Land ohne WüsteD.R. Kongo, Indonesien, Sambia, Myanmar
34%
5Weinverbrauch pro KopfAndorra, Vatikanstadt, Kroatien, Portugal
32%
5Niedrigster Prozentsatz der Energie aus fossilen BrennstoffenIsland, Estland, Schweden, Finnland
29%
2Die meisten Oscars für fremdsprachige FilmeItalien
27%

Verteilung der Resultate

Perzentil nach korrekt beantworteten Fragen

Anzahl Personen mit jedem Resultat

Ihre Resultats-Entwicklung

Sie haben dieses Quiz noch nicht gespielt